| 000 | 00646nam a22002057a 4500 | ||
|---|---|---|---|
| 005 | 20251108164342.0 | ||
| 008 | 250721s1972 xx 000 0 ara d | ||
| 082 | 1 | 4 | _a410.1/محم |
| 100 | 1 | _aالمبارك، محمد | |
| 245 | 1 | 0 |
_aفقه اللغة و خصائص العربية : _bدراسة تحليلية مقارنة للكلمة العربية و عرض ... / |
| 250 | _aط5. | ||
| 264 | 1 |
_aبيروت : _bدار الفكر، _c1972. |
|
| 300 | _a348ص | ||
| 650 | 1 | 7 | _aاللغة العربية |
| 650 | 1 | 7 | _aالفلسفة |
| 650 | 1 | 7 | _aالنظريات |
| 650 | 1 | 7 | _aاللسانيات |
| 942 |
_2ddc _cBK |
||
| 999 |
_c10057 _d10057 |
||